[Event "ACP Blitz"]
[Site "Playchess.com INT"]
[Date "2006.??.??"]
[Round "6"]
[White "Kamsky, Gata"]
[Black "Movsesian, Sergei"]
[Result "1-0"]
[WhiteElo "2692"]
[BlackElo "2658"]
[PlyCount "111"]
[EventDate "2006.12.??"]
[EventType "swiss (blitz)"]
[EventRounds "11"]
[EventCountry "GER"]
[SourceTitle "EXT 2013"]
[Source "ChessBase"]
[SourceDate "2012.11.22"]
[SourceVersion "1"]
[SourceVersionDate "2012.11.22"]
[SourceQuality "1"]

1. e4 c5 2. Nf3 Nc6 3. d4 cxd4 4. Nxd4 Qc7 5. Nc3 e6 6. Be2 a6 7. O-O Nf6 8.
Be3 Be7 9. f4 d6 10. Qe1 O-O 11. Qg3 Nxd4 12. Bxd4 b5 13. a3 Bb7 14. Rae1 d5
15. e5 Bc5 16. Qe3 Nd7 17. Bd3 Bxd4 18. Qxd4 f6 19. exf6 Rxf6 20. f5 Rh6 21.
Rxe6 Qxh2+ 22. Kf2 Rh4 23. Qe3 d4 24. Re8+ Rxe8 25. Qxe8+ Nf8 26. Ne2 Qxg2+ 27.
Ke1 Rh1 28. Rxh1 Qxh1+ 29. Kd2 Qh6+ 30. Ke1 Qd6 31. a4 Bc6 32. Qc8 h5 33. Qxa6
bxa4 34. Qc4+ Kh8 35. Qxd4 Qxd4 36. Nxd4 Bd7 37. Nf3 Nh7 38. Ne5 Be8 39. Kf2
Nf6 40. Kg3 Kh7 41. Kh4 Kh6 42. c4 Nd7 43. Nxd7 Bxd7 44. Be4 Be8 45. c5 Bd7 46.
c6 Bc8 47. Bc2 Ba6 48. Be4 Bc8 49. Bd3 Kh7 50. Kxh5 Kg8 51. Bc4+ Kf8 52. Be6
Ba6 53. c7 Ke7 54. Kg6 Kd6 55. c8=Q Bxc8 56. Bxc8 1-0

[Event "ACP Blitz"]
[Site "Playchess.com INT"]
[Date "2006.??.??"]
[Round "6"]
[White "Movsesian, Sergei"]
[Black "Kamsky, Gata"]
[Result "1-0"]
[WhiteElo "2658"]
[BlackElo "2692"]
[PlyCount "89"]
[EventDate "2006.12.??"]
[EventType "swiss (blitz)"]
[EventRounds "11"]
[EventCountry "GER"]
[SourceTitle "EXT 2013"]
[Source "ChessBase"]
[SourceDate "2012.11.22"]
[SourceVersion "1"]
[SourceVersionDate "2012.11.22"]
[SourceQuality "1"]

1. e4 c6 2. d4 d5 3. e5 c5 4. dxc5 e6 5. Be3 Ne7 6. c3 Nf5 7. Bd4 Nc6 8. Nf3
Bd7 9. Bb5 Nxe5 10. Nxe5 Bxb5 11. Qb3 Bc6 12. O-O f6 13. Nxc6 bxc6 14. Re1 Qd7
15. Nd2 Be7 16. f4 h5 17. Nf3 Kf7 18. Re2 Rab8 19. Qc2 Rhe8 20. Rae1 Bd8 21.
Bf2 Bc7 22. Qd2 a5 23. b3 Re7 24. g3 Rbe8 25. Bd4 Kg8 26. Qd3 Qc8 27. Kg2 Bb8
28. a3 Kf7 29. b4 Bc7 30. Qc2 Qb7 31. Bf2 Qb5 32. h3 Qc4 33. Nd2 Qa6 34. c4
axb4 35. axb4 Qb7 36. cxd5 exd5 37. Qxf5 Rxe2 38. Rxe2 Rxe2 39. Qxh5+ Kf8 40.
Qxe2 Qxb4 41. Nf3 Kf7 42. Nd4 Qxc5 43. Qe6+ Kg6 44. Nxc6 Qc4 45. Ne7+ 1-0

[Event "ACP Blitz"]
[Site "Playchess.com INT"]
[Date "2006.??.??"]
[Round "7"]
[White "Fontaine, Robert"]
[Black "Kamsky, Gata"]
[Result "1/2-1/2"]
[WhiteElo "2545"]
[BlackElo "2692"]
[PlyCount "209"]
[EventDate "2006.12.??"]
[EventType "swiss (blitz)"]
[EventRounds "11"]
[EventCountry "GER"]
[SourceTitle "EXT 2013"]
[Source "ChessBase"]
[SourceDate "2012.11.22"]
[SourceVersion "1"]
[SourceVersionDate "2012.11.22"]
[SourceQuality "1"]

1. e4 c6 2. Nf3 d5 3. Nc3 Bg4 4. h3 Bxf3 5. Qxf3 e6 6. d3 g6 7. Bd2 Bg7 8. g3
Ne7 9. Bg2 Nd7 10. O-O O-O 11. Qe2 b5 12. Rae1 b4 13. Nd1 a5 14. f4 Nc5 15. e5
Nd7 16. Kh2 c5 17. Nf2 Nf5 18. c3 Rb8 19. Rb1 a4 20. g4 Ne7 21. cxb4 cxb4 22.
Rbc1 Qb6 23. Be3 Qa6 24. Rc7 Rb7 25. Rfc1 Rfb8 26. Bf1 d4 27. Bxd4 Nd5 28. Rxb7
Qxb7 29. Qe4 a3 30. bxa3 bxa3 31. Bg2 Qb4 32. Ba7 Rd8 33. Qxb4 Nxb4 34. Rc3
Nxe5 35. Rxa3 Nexd3 36. Nxd3 Rxd3 37. Rxd3 Nxd3 38. Be3 e5 39. fxe5 Bxe5+ 40.
Kg1 Kf8 41. a4 Bc7 42. Be4 Nb2 43. Bc6 Ke7 44. Bc5+ Ke6 45. Bb5 Kd5 46. Be3 Nd1
47. Bd2 Bb6+ 48. Kg2 Ne3+ 49. Kf3 Nc2 50. Be8 Nd4+ 51. Kg2 f5 52. a5 Bc5 53. a6
fxg4 54. hxg4 Bb6 55. Bf7+ Ke4 56. Bg8 h5 57. Bh7 hxg4 58. Bxg6+ Kd5 59. Bd3
Ne6 60. Be2 Nc5 61. Kg3 Nxa6 62. Bxa6 Ke4 63. Be2 Be3 64. Bb4 Bf4+ 65. Kxg4 Be5
66. Bf3+ Ke3 67. Ba5 Bd4 68. Be1 Bc5 69. Bh4 Bd4 70. Bg5+ Kd3 71. Kf5 Be3 72.
Be4+ Kd2 73. Bh4 Ke2 74. Ke5 Kd2 75. Kd5 Kc3 76. Bf6+ Kb4 77. Bd3 Bf2 78. Be5
Bg1 79. Bf1 Bf2 80. Bd6+ Kc3 81. Bg2 Kd3 82. Be4+ Kc3 83. Be5+ Kb4 84. Bf4 Bg1
85. Bd2+ Kb3 86. Bd3 Bf2 87. Bc4+ Kc2 88. Bb4 Bg1 89. Ke4 Bf2 90. Bb5 Kb3 91.
Ba5 Bg1 92. Kd3 Bf2 93. Bc4+ Kb2 94. Bc3+ Ka3 95. Kc2 Bc5 96. Bd2 Bf8 97. Kc3
Bg7+ 98. Kc2 Bf8 99. Be3 Be7 100. Bd4 Bf8 101. Kc3 Be7 102. Bb6 Bf6+ 103. Kc2
Kb4 104. Bd3 Be7 105. Bd4 1/2-1/2

[Event "ACP Blitz"]
[Site "Playchess.com INT"]
[Date "2006.??.??"]
[Round "7"]
[White "Kamsky, Gata"]
[Black "Fontaine, Robert"]
[Result "1-0"]
[WhiteElo "2692"]
[BlackElo "2545"]
[PlyCount "77"]
[EventDate "2006.12.??"]
[EventType "swiss (blitz)"]
[EventRounds "11"]
[EventCountry "GER"]
[SourceTitle "EXT 2013"]
[Source "ChessBase"]
[SourceDate "2012.11.22"]
[SourceVersion "1"]
[SourceVersionDate "2012.11.22"]
[SourceQuality "1"]

1. e4 c6 2. d4 d5 3. exd5 cxd5 4. Bd3 Nc6 5. c3 Qc7 6. Bg5 Nf6 7. Nd2 Bg4 8.
Ngf3 e6 9. Bxf6 gxf6 10. Be2 Rg8 11. Nh4 Bxe2 12. Qxe2 O-O-O 13. O-O Qf4 14.
Ndf3 f5 15. g3 Be7 16. Ng2 Qg4 17. Rfe1 h5 18. Ne5 Nxe5 19. dxe5 Qxe2 20. Rxe2
h4 21. Rd1 hxg3 22. fxg3 b5 23. Nf4 Rg4 24. Kg2 Rdg8 25. Kf3 a6 26. b3 R4g7 27.
c4 dxc4 28. bxc4 b4 29. Red2 Bg5 30. Rd6 Bxf4 31. gxf4 Rh7 32. Ke3 Rh3+ 33. Kd4
Kc7 34. Kc5 Ra3 35. Rd7+ Kb8 36. Kb6 Rc8 37. Rb7+ Ka8 38. Rdd7 Rb8 39. Rxb8+
1-0

[Event "ACP Blitz"]
[Site "Playchess.com INT"]
[Date "2006.??.??"]
[Round "8"]
[White "Kamsky, Gata"]
[Black "Skripchenko, Almira"]
[Result "1-0"]
[WhiteElo "2692"]
[BlackElo "2458"]
[PlyCount "91"]
[EventDate "2006.12.??"]
[EventType "swiss (blitz)"]
[EventRounds "11"]
[EventCountry "GER"]
[SourceTitle "EXT 2013"]
[Source "ChessBase"]
[SourceDate "2012.11.22"]
[SourceVersion "1"]
[SourceVersionDate "2012.11.22"]
[SourceQuality "1"]

1. e4 c5 2. Nf3 e6 3. d4 cxd4 4. Nxd4 Nf6 5. Nc3 Nc6 6. Ndb5 d6 7. Bf4 e5 8.
Bg5 a6 9. Na3 b5 10. Nd5 Be7 11. Bxf6 Bxf6 12. c4 O-O 13. cxb5 Nd4 14. bxa6 Bg5
15. Nc2 Nxc2+ 16. Qxc2 f5 17. Bc4 Kh8 18. O-O fxe4 19. Qxe4 Bxa6 20. Bxa6 Rxa6
21. a4 Qa8 22. Qc4 Rc8 23. Nc7 Rxc7 24. Qxc7 h6 25. Qd7 d5 26. h4 Bf4 27. h5
Rf6 28. a5 e4 29. a6 Kh7 30. a7 Be5 31. Rad1 d4 32. Rxd4 Bxd4 33. Qxd4 Ra6 34.
Re1 Rxa7 35. Qxe4+ Qxe4 36. Rxe4 Ra1+ 37. Kh2 Rb1 38. b4 Kg8 39. Rf4 Rb3 40. g3
Rc3 41. Rf5 Rb3 42. b5 g6 43. hxg6 Kg7 44. Kg2 Kxg6 45. g4 Rb4 46. Kg3 1-0

[Event "ACP Blitz"]
[Site "Playchess.com INT"]
[Date "2006.??.??"]
[Round "8"]
[White "Skripchenko, Almira"]
[Black "Kamsky, Gata"]
[Result "0-1"]
[WhiteElo "2458"]
[BlackElo "2692"]
[PlyCount "80"]
[EventDate "2006.12.??"]
[EventType "swiss (blitz)"]
[EventRounds "11"]
[EventCountry "GER"]
[SourceTitle "EXT 2013"]
[Source "ChessBase"]
[SourceDate "2012.11.22"]
[SourceVersion "1"]
[SourceVersionDate "2012.11.22"]
[SourceQuality "1"]

1. e4 c6 2. d4 d5 3. Nc3 g6 4. e5 Bg7 5. f4 h5 6. Be3 Nh6 7. Qd2 b6 8. O-O-O
Qd7 9. Nf3 Ba6 10. g3 Bxf1 11. Rhxf1 Na6 12. Kb1 Nc7 13. Qg2 O-O-O 14. h3 Kb7
15. Nh2 Nf5 16. Bf2 f6 17. Nf3 Ne6 18. Ne2 fxe5 19. fxe5 Bh6 20. g4 hxg4 21.
Qxg4 Rdg8 22. Rg1 Be3 23. Rg2 Bxf2 24. Rxf2 Ne3 25. Qg1 Nxd1 26. Qxd1 Rf8 27.
Neg1 c5 28. dxc5 Nxc5 29. Rd2 e6 30. c4 Rd8 31. Ng5 Rhf8 32. N1f3 Rf4 33. cxd5
exd5 34. a3 Qf5+ 35. Ka2 d4 36. Qh1 Kc7 37. h4 d3 38. Qc1 Kb8 39. Qh1 Ne4 40.
Nxe4 Qxe4 0-1

[Event "ACP Blitz"]
[Site "Playchess.com INT"]
[Date "2006.??.??"]
[Round "9"]
[White "Kamsky, Gata"]
[Black "Mastrovasilis, Athanasios"]
[Result "1-0"]
[WhiteElo "2692"]
[BlackElo "2547"]
[PlyCount "79"]
[EventDate "2006.12.??"]
[EventType "swiss (blitz)"]
[EventRounds "11"]
[EventCountry "GER"]
[SourceTitle "EXT 2013"]
[Source "ChessBase"]
[SourceDate "2012.11.22"]
[SourceVersion "1"]
[SourceVersionDate "2012.11.22"]
[SourceQuality "1"]

1. e4 e5 2. Nf3 Nc6 3. Bb5 a6 4. Ba4 d6 5. c3 f5 6. exf5 Bxf5 7. d4 e4 8. Nfd2
d5 9. Nf1 Nf6 10. Bg5 h6 11. Bh4 Be7 12. Ne3 Be6 13. Nd2 O-O 14. O-O Qd7 15. f3
b5 16. Bc2 exf3 17. Nxf3 Bd6 18. Bxf6 Rxf6 19. Qd3 g6 20. Nh4 Raf8 21. Nxg6
Rxf1+ 22. Rxf1 Rxf1+ 23. Qxf1 Qf7 24. Bf5 b4 25. Qf3 bxc3 26. bxc3 Bxf5 27.
Qxf5 Qxf5 28. Nxf5 Ba3 29. Nf4 Na5 30. Nxd5 c6 31. Nf4 Kh7 32. Kf2 Bb2 33. Ne2
Nc4 34. Ne3 Nd2 35. Nd1 Ne4+ 36. Ke3 Nd6 37. Nxb2 Kg6 38. c4 Nf5+ 39. Kf4 Nd6
40. Ke5 1-0

[Event "ACP Blitz"]
[Site "Playchess.com INT"]
[Date "2006.??.??"]
[Round "9"]
[White "Mastrovasilis, Athanasios"]
[Black "Kamsky, Gata"]
[Result "1-0"]
[WhiteElo "2547"]
[BlackElo "2692"]
[PlyCount "67"]
[EventDate "2006.12.??"]
[EventType "swiss (blitz)"]
[EventRounds "11"]
[EventCountry "GER"]
[SourceTitle "EXT 2013"]
[Source "ChessBase"]
[SourceDate "2012.11.22"]
[SourceVersion "1"]
[SourceVersionDate "2012.11.22"]
[SourceQuality "1"]

1. c4 c6 2. e4 e5 3. Nf3 d6 4. Nc3 Bg4 5. Be2 Nf6 6. d4 Nbd7 7. O-O g6 8. d5 c5
9. Ne1 Bxe2 10. Qxe2 h5 11. Rb1 Bh6 12. Nd3 Bxc1 13. Rfxc1 Kf8 14. a3 b6 15. b4
Kg7 16. bxc5 bxc5 17. Nb5 Nb6 18. f4 exf4 19. e5 dxe5 20. Qxe5 Re8 21. Qxf4 Re4
22. Qc7 Nxc4 23. Nxc5 Nd2 24. Ne6+ Rxe6 25. dxe6 Nxb1 26. Qxf7+ Kh6 27. Rxb1
Qb6+ 28. Kh1 Ng4 29. h3 Nf2+ 30. Kh2 a6 31. Qf4+ Kg7 32. Qc7+ Qxc7+ 33. Nxc7
Rc8 34. e7 1-0

[Event "ACP Blitz"]
[Site "Playchess.com INT"]
[Date "2006.??.??"]
[Round "10"]
[White "Kamsky, Gata"]
[Black "Kogan, Artur"]
[Result "1-0"]
[WhiteElo "2692"]
[BlackElo "2567"]
[PlyCount "55"]
[EventDate "2006.12.??"]
[EventType "swiss (blitz)"]
[EventRounds "11"]
[EventCountry "GER"]
[SourceTitle "EXT 2013"]
[Source "ChessBase"]
[SourceDate "2012.11.22"]
[SourceVersion "1"]
[SourceVersionDate "2012.11.22"]
[SourceQuality "1"]

1. e4 c5 2. Nf3 d6 3. d4 Nf6 4. Nc3 cxd4 5. Qxd4 Nc6 6. Bb5 Bd7 7. Bxc6 Bxc6 8.
Bg5 e6 9. O-O-O Be7 10. Qd3 Qa5 11. h4 O-O 12. Nd4 Rfd8 13. f4 Rac8 14. f5 Bd7
15. Kb1 b5 16. g4 b4 17. Nce2 e5 18. Bxf6 gxf6 19. Nb3 Qb6 20. g5 Bb5 21. Qd2
Kh8 22. Rhg1 Qf2 23. Nbc1 Rc4 24. g6 Rxe4 25. gxf7 Rxh4 26. Qd5 Bc4 27. Qb7 Bf8
28. Rg8# 1-0

[Event "ACP Blitz"]
[Site "Playchess.com INT"]
[Date "2006.??.??"]
[Round "10"]
[White "Kogan, Artur"]
[Black "Kamsky, Gata"]
[Result "0-1"]
[WhiteElo "2567"]
[BlackElo "2692"]
[PlyCount "90"]
[EventDate "2006.12.??"]
[EventType "swiss (blitz)"]
[EventRounds "11"]
[EventCountry "GER"]
[SourceTitle "EXT 2013"]
[Source "ChessBase"]
[SourceDate "2012.11.22"]
[SourceVersion "1"]
[SourceVersionDate "2012.11.22"]
[SourceQuality "1"]

1. e4 c6 2. d4 d5 3. e5 c5 4. dxc5 e6 5. Qg4 Ne7 6. Nf3 Nbc6 7. Bb5 Bd7 8. Nc3
Nf5 9. O-O Bxc5 10. Bd3 h5 11. Qf4 Nce7 12. Nb5 a6 13. Nd6+ Nxd6 14. exd6 Nc8
15. Qg3 Kf8 16. Bg5 f6 17. Bf4 Be8 18. Rae1 Bf7 19. Ne5 fxe5 20. Bxe5 Rg8 21.
Bh7 Bxd6 22. Bxg8 Bxe5 23. Rxe5 Kxg8 24. f4 Nd6 25. Rg5 Qf6 26. Qb3 Rc8 27. Re5
b5 28. Re2 Bg6 29. Kh1 Be4 30. Ref2 h4 31. h3 Nf5 32. Kh2 Qg6 33. Re1 Qg3+ 34.
Kg1 Qxb3 35. cxb3 Kf7 36. Rd2 Kf6 37. Kf2 b4 38. a3 a5 39. axb4 axb4 40. Ra1 d4
41. Ra4 Rb8 42. Ra5 Bd5 43. Ra6 Bxb3 44. Kf3 Bd5+ 45. Kg4 b3 0-1

[Event "ACP Blitz"]
[Site "Playchess.com INT"]
[Date "2006.??.??"]
[Round "11"]
[White "Kamsky, Gata"]
[Black "Landa, Konstantin"]
[Result "1-0"]
[WhiteElo "2692"]
[BlackElo "2554"]
[PlyCount "89"]
[EventDate "2006.12.??"]
[EventType "swiss (blitz)"]
[EventRounds "11"]
[EventCountry "GER"]
[SourceTitle "EXT 2013"]
[Source "ChessBase"]
[SourceDate "2012.11.22"]
[SourceVersion "1"]
[SourceVersionDate "2012.11.22"]
[SourceQuality "1"]

1. e4 d6 2. d4 Nf6 3. Bd3 e5 4. c3 d5 5. exd5 exd4 6. cxd4 Bb4+ 7. Bd2 Bxd2+ 8.
Qxd2 O-O 9. Nc3 Nxd5 10. Nge2 c6 11. O-O Be6 12. Ne4 Nd7 13. Ng5 h6 14. Nxe6
fxe6 15. Rae1 e5 16. Bb1 Re8 17. Ng3 Qg5 18. Qd3 N5f6 19. Qb3+ Kh8 20. Qxb7
exd4 21. Qxc6 Ne5 22. Qa6 Neg4 23. Qd3 Qh4 24. h3 Ne5 25. Qf5 Qg5 26. Rd1 Rad8
27. Qxg5 hxg5 28. Bd3 Nd5 29. Bb5 Rf8 30. Rxd4 Nf4 31. Rfd1 Nxh3+ 32. Kh2 Rxd4
33. Rxd4 Nxf2 34. Be2 Rf4 35. Rd5 Nfg4+ 36. Kg1 Rb4 37. b3 Rf4 38. a3 Kh7 39.
b4 Kg6 40. Rd6+ Rf6 41. Ne4 Rxd6 42. Nxd6 Ne3 43. Nb5 Nc2 44. Bd1 a6 45. Bxc2+
1-0

[Event "ACP Blitz"]
[Site "Playchess.com INT"]
[Date "2006.??.??"]
[Round "11"]
[White "Landa, Konstantin"]
[Black "Kamsky, Gata"]
[Result "0-1"]
[WhiteElo "2554"]
[BlackElo "2692"]
[PlyCount "154"]
[EventDate "2006.12.??"]
[EventType "swiss (blitz)"]
[EventRounds "11"]
[EventCountry "GER"]
[SourceTitle "EXT 2013"]
[Source "ChessBase"]
[SourceDate "2012.11.22"]
[SourceVersion "1"]
[SourceVersionDate "2012.11.22"]
[SourceQuality "1"]

1. e4 c6 2. d4 d5 3. e5 c5 4. c4 Nc6 5. Nf3 cxd4 6. Nxd4 Nxe5 7. cxd5 Nf6 8.
Nc3 a6 9. Bf4 Ng6 10. Bg3 Nxd5 11. Nxd5 Qxd5 12. Be2 e5 13. Nc2 Qxd1+ 14. Rxd1
f5 15. h4 f4 16. h5 Ne7 17. Bh4 Nc6 18. Bf3 Bf5 19. Rd2 Nb4 20. Na3 e4 21. Bxe4
Bxe4 22. Re2 Nd3+ 23. Kf1 Nc5 24. f3 Kf7 25. fxe4 Ne6 26. Nc4 Rc8 27. Ne5+ Ke8
28. Nd3 Rc4 29. Rh3 Bd6 30. e5 Bc7 31. Bf2 Rf8 32. Rf3 Rf7 33. b3 Rc6 34. Kg1
g5 35. hxg6 hxg6 36. Rh3 g5 37. Nb4 Rc1+ 38. Re1 Rxe1+ 39. Bxe1 Ba5 40. Bc3
Bxb4 41. Bxb4 Rc7 42. Rh8+ Kf7 43. Bd6 Rc1+ 44. Kh2 Kg6 45. Re8 Kf5 46. g4+
fxg3+ 47. Kxg3 Rc3+ 48. Kf2 g4 49. Rg8 Rf3+ 50. Ke1 b5 51. Ke2 Nd4+ 52. Ke1 Rc3
53. Rf8+ Ke4 54. Kf2 Nf5 55. Ke1 g3 56. Kd2 Rd3+ 57. Kc1 g2 58. Rg8 Rg3 59.
Rxg3 Nxg3 60. Bc5 Kxe5 61. Kb2 Kd5 62. Bf2 Ne2 63. Ka3 Kc6 64. Kb4 g1=Q 65.
Bxg1 Nxg1 66. a4 Kb6 67. axb5 axb5 68. Kc3 Kc5 69. Kd3 Kb4 70. Kc2 Nf3 71. Kb2
Nd4 72. Ka2 Kc3 73. Ka3 b4+ 74. Ka2 Nxb3 75. Kb1 Nd2+ 76. Ka1 Kc2 77. Ka2 b3+
0-1

[Event "Kamsky-Andreikin m"]
[Site "Playchess.com INT"]
[Date "2007.01.22"]
[Round "?"]
[White "Andreikin, Dmitry"]
[Black "Kamsky, Gata"]
[Result "0-1"]
[WhiteElo "2509"]
[BlackElo "2705"]
[PlyCount "94"]
[EventDate "2007.01.22"]
[EventType "match (blitz)"]
[EventRounds "9"]
[EventCountry "GER"]
[SourceTitle "EXT 2008"]
[Source "ChessBase"]
[SourceDate "2007.11.25"]
[SourceVersion "1"]
[SourceVersionDate "2007.11.25"]
[SourceQuality "1"]

1. e4 c6 2. Nf3 d5 3. Nc3 Bg4 4. h3 Bxf3 5. Qxf3 e6 6. d4 dxe4 7. Nxe4 Qxd4 8.
c3 Qb6 9. Bd3 Nd7 10. Qg3 Ngf6 11. O-O Nxe4 12. Bxe4 Nf6 13. Bc2 Nd5 14. c4 Nb4
15. Be3 Bc5 16. Qxg7 O-O-O 17. Bxc5 Qxc5 18. Be4 f5 19. Bf3 Nc2 20. Rad1 Nd4
21. Bh5 e5 22. Bf7 Qe7 23. Rfe1 Rhf8 24. Rxd4 Rxd4 25. Be6+ Kd8 26. Qxe5 Qd6
27. Qa5+ b6 28. Qxa7 Rd1 29. Qxb6+ Ke7 30. Rxd1 Qxd1+ 31. Kh2 Qd6+ 32. g3 Kxe6
33. c5 Qd5 34. Qc7 Rf7 35. Qc8+ Kf6 36. b4 f4 37. gxf4 Qe4 38. Qg4 Ke7 39. Qg5+
Kd7 40. Kg3 Qd3+ 41. f3 Qd4 42. Qh6 Qg1+ 43. Kh4 Qg6 44. Qxg6 hxg6 45. Kg5 Rf5+
46. Kxg6 Rxf4 47. h4 Rxh4 0-1

[Event "Kamsky-Andreikin m"]
[Site "Playchess.com INT"]
[Date "2007.01.22"]
[Round "?"]
[White "Andreikin, Dmitry"]
[Black "Kamsky, Gata"]
[Result "1-0"]
[WhiteElo "2509"]
[BlackElo "2705"]
[PlyCount "47"]
[EventDate "2007.01.22"]
[EventType "match (blitz)"]
[EventRounds "9"]
[EventCountry "GER"]
[SourceTitle "EXT 2008"]
[Source "ChessBase"]
[SourceDate "2007.11.25"]
[SourceVersion "1"]
[SourceVersionDate "2007.11.25"]
[SourceQuality "1"]

1. e4 c6 2. d4 d5 3. exd5 cxd5 4. c4 Nf6 5. Nc3 e6 6. Nf3 Bb4 7. cxd5 Qxd5 8.
a3 Bxc3+ 9. bxc3 Nc6 10. Bd3 O-O 11. O-O Qh5 12. h3 e5 13. Nxe5 Qxd1 14. Rxd1
Nd5 15. Nxc6 bxc6 16. c4 Nc3 17. Re1 Na4 18. Be4 Bd7 19. Bf4 Rac8 20. d5 Nb6
21. Rac1 cxd5 22. cxd5 Rfe8 23. Rxc8 Bxc8 24. Bxh7+ 1-0

[Event "Kamsky-Andreikin m"]
[Site "Playchess.com INT"]
[Date "2007.01.22"]
[Round "?"]
[White "Andreikin, Dmitry"]
[Black "Kamsky, Gata"]
[Result "0-1"]
[WhiteElo "2509"]
[BlackElo "2705"]
[PlyCount "82"]
[EventDate "2007.01.22"]
[EventType "match (blitz)"]
[EventRounds "9"]
[EventCountry "GER"]
[SourceTitle "EXT 2008"]
[Source "ChessBase"]
[SourceDate "2007.11.25"]
[SourceVersion "1"]
[SourceVersionDate "2007.11.25"]
[SourceQuality "1"]

1. d4 d5 2. Nf3 Nf6 3. c4 c6 4. e3 Bf5 5. Nc3 e6 6. Nh4 Bg4 7. Qb3 Qb6 8. h3
Bh5 9. g4 Bg6 10. Nxg6 hxg6 11. Bg2 Bb4 12. a3 Bxc3+ 13. Qxc3 Nbd7 14. b4 a5
15. c5 Qa6 16. Bb2 Ne4 17. Qc2 axb4 18. axb4 Qxa1+ 19. Bxa1 Rxa1+ 20. Ke2 Ra2
21. Qxa2 Nc3+ 22. Kd2 Nxa2 23. Ra1 Kd8 24. Rxa2 Kc7 25. f4 f6 26. Ke2 g5 27.
Kf3 gxf4 28. exf4 e5 29. fxe5 fxe5 30. dxe5 Nxe5+ 31. Kf4 Nd3+ 32. Kg5 Re8 33.
h4 Nxb4 34. Rf2 Re7 35. Bf1 b6 36. cxb6+ Kxb6 37. Kg6 c5 38. Rf7 Rxf7 39. Kxf7
c4 40. Be2 c3 41. Bd1 d4 0-1

[Event "Kamsky-Andreikin m"]
[Site "Playchess.com INT"]
[Date "2007.01.22"]
[Round "?"]
[White "Andreikin, Dmitry"]
[Black "Kamsky, Gata"]
[Result "1-0"]
[WhiteElo "2509"]
[BlackElo "2705"]
[PlyCount "103"]
[EventDate "2007.01.22"]
[EventType "match (blitz)"]
[EventRounds "9"]
[EventCountry "GER"]
[SourceTitle "EXT 2008"]
[Source "ChessBase"]
[SourceDate "2007.11.25"]
[SourceVersion "1"]
[SourceVersionDate "2007.11.25"]
[SourceQuality "1"]

1. d4 d5 2. Nf3 Nf6 3. c4 c6 4. e3 Bf5 5. Nc3 e6 6. Nh4 Bg4 7. Qb3 Qb6 8. Qc2
Bb4 9. h3 Bh5 10. g4 Bg6 11. Nxg6 hxg6 12. Bg2 dxc4 13. a3 Bxc3+ 14. Qxc3 Qa6
15. e4 Nbd7 16. g5 Ng8 17. d5 e5 18. Bf4 f6 19. gxf6 gxf6 20. Bg3 cxd5 21. exd5
Ne7 22. f4 O-O-O 23. fxe5 Nxe5 24. Bxe5 fxe5 25. O-O-O Nf5 26. Rhe1 Rhe8 27.
Rxe5 Rxe5 28. Qxe5 Qd6 29. Qxd6 Nxd6 30. Rf1 Nf5 31. Rf4 b5 32. Be4 Ne7 33. Rf7
Kd7 34. Bxg6 Kd6 35. Bh5 Nxd5 36. Rxa7 Kc5 37. Bf3 Nf4 38. Rc7+ Kd4 39. h4 Nd3+
40. Kb1 Rf8 41. Rd7+ Ke3 42. Bg2 Rf2 43. Bh3 Rxb2+ 44. Ka1 c3 45. Bf5 Nc5 46.
Re7+ Kf4 47. Be6 Re2 48. Rf7+ Kg3 49. Bd5 c2 50. Kb2 Nd3+ 51. Kb3 c1=Q 52. Rg7+
1-0

[Event "Kamsky-Andreikin m"]
[Site "Playchess.com INT"]
[Date "2007.01.22"]
[Round "?"]
[White "Kamsky, Gata"]
[Black "Andreikin, Dmitry"]
[Result "1-0"]
[WhiteElo "2705"]
[BlackElo "2509"]
[PlyCount "79"]
[EventDate "2007.01.22"]
[EventType "match (blitz)"]
[EventRounds "9"]
[EventCountry "GER"]
[SourceTitle "EXT 2008"]
[Source "ChessBase"]
[SourceDate "2007.11.25"]
[SourceVersion "1"]
[SourceVersionDate "2007.11.25"]
[SourceQuality "1"]

1. d4 Nf6 2. c4 d6 3. Nc3 e5 4. Nf3 e4 5. Nd2 Bf5 6. Nb3 h6 7. h3 Nbd7 8. Bf4
g5 9. Bh2 e3 10. f3 Qe7 11. Qc1 O-O-O 12. Nd1 Re8 13. Bg1 Bg6 14. Nxe3 Bg7 15.
Bf2 Nh5 16. Nd5 Qd8 17. Qd2 c6 18. Nc3 Nb6 19. e3 f5 20. Be2 Bf7 21. Na5 d5 22.
c5 Nc4 23. Nxc4 dxc4 24. g4 f4 25. gxh5 fxe3 26. Bxe3 Rxe3 27. Qxe3 Bxd4 28.
Qd2 Qf6 29. Ne4 Qg7 30. O-O-O Be5 31. Qd7+ Kb8 32. Kc2 Bxb2 33. Rb1 c3 34. Bc4
Rf8 35. Bxf7 Qxf7 36. Qxf7 Rxf7 37. Rhf1 Rf4 38. Rbd1 Rh4 39. Rd8+ Kc7 40. Rfd1
1-0

[Event "Kamsky-Andreikin m"]
[Site "Playchess.com INT"]
[Date "2007.01.22"]
[Round "?"]
[White "Kamsky, Gata"]
[Black "Andreikin, Dmitry"]
[Result "0-1"]
[WhiteElo "2705"]
[BlackElo "2509"]
[PlyCount "96"]
[EventDate "2007.01.22"]
[EventType "match (blitz)"]
[EventRounds "9"]
[EventCountry "GER"]
[SourceTitle "EXT 2008"]
[Source "ChessBase"]
[SourceDate "2007.11.25"]
[SourceVersion "1"]
[SourceVersionDate "2007.11.25"]
[SourceQuality "1"]

1. e4 c5 2. d4 cxd4 3. c3 dxc3 4. Nxc3 Nc6 5. Bc4 e6 6. Nf3 a6 7. a4 Nge7 8. h4
Ng6 9. h5 Nge5 10. Nxe5 Nxe5 11. Ba2 Bc5 12. f4 Nc6 13. h6 Rg8 14. e5 Bb4 15.
Qg4 f5 16. exf6 Qxf6 17. Bd2 d5 18. O-O-O Bd7 19. f5 O-O-O 20. Bg5 gxh6 21.
Bxf6 Rxg4 22. Bxd8 Kxd8 23. fxe6 Bxc3 24. Rxd5 Rd4 25. bxc3 Rxd5 26. Bxd5 Ne7
27. c4 Bxa4 28. Bxb7 a5 29. Rxh6 Kc7 30. Bd5 Kd6 31. Rxh7 Bb3 32. Rxe7 Kxe7 33.
Kb2 Bd1 34. Ka3 Kd6 35. g3 Bg4 36. Ka4 Kc5 37. e7 Bd7+ 38. Kxa5 Kd6 39. g4 Kxe7
40. g5 Kd6 41. Kb6 Bf5 42. Bg8 Bd3 43. c5+ Ke7 44. Bb3 Bf5 45. c6 Bd7 46. c7
Bc6 47. Bd5 Kd7 48. c8=Q+ Kd6 0-1

[Event "Kamsky-Andreikin m"]
[Site "Playchess.com INT"]
[Date "2007.01.22"]
[Round "?"]
[White "Kamsky, Gata"]
[Black "Andreikin, Dmitry"]
[Result "1-0"]
[WhiteElo "2705"]
[BlackElo "2509"]
[PlyCount "105"]
[EventDate "2007.01.22"]
[EventType "match (blitz)"]
[EventRounds "9"]
[EventCountry "GER"]
[SourceTitle "EXT 2008"]
[Source "ChessBase"]
[SourceDate "2007.11.25"]
[SourceVersion "1"]
[SourceVersionDate "2007.11.25"]
[SourceQuality "1"]

1. d4 Nf6 2. Nf3 e6 3. c4 b6 4. Nc3 Bb4 5. Bg5 Bb7 6. Nd2 Bxc3 7. bxc3 d6 8. f3
c5 9. e4 Nc6 10. Nb3 e5 11. Be2 h6 12. Bh4 g5 13. Bf2 Ne7 14. a4 a5 15. Nd2 Ng6
16. Nf1 g4 17. Ne3 gxf3 18. gxf3 Nh5 19. Rb1 Nhf4 20. dxc5 dxc5 21. Qxd8+ Rxd8
22. Rxb6 Nxe2 23. Kxe2 Nf4+ 24. Ke1 Bc8 25. Nd5 Bh3 26. Rg1 Bd7 27. Kd2 Bxa4
28. Ra1 Bd7 29. Rxa5 Be6 30. Bxc5 Rg8 31. Kc2 Rg2+ 32. Kb3 Rc8 33. Ba3 Rg1 34.
Ra7 Rb1+ 35. Kc2 Nxd5 36. Rxb1 Ne3+ 37. Kc1 Nxc4 38. Rbb7 Ne3 39. Re7+ Kd8 40.
Bb4 Nc4 41. Rxf7 Bxf7 42. Rxf7 Ne3 43. Rf8+ Kd7 44. Rxc8 Kxc8 45. Bd6 Nc4 46.
Bf8 h5 47. Bh6 Kd7 48. Kc2 Kc6 49. f4 Kc5 50. f5 Nd6 51. Bf8 Kc6 52. Bxd6 Kxd6
53. Kd3 1-0